00305nam a22000977a 4500008004100000022001400041040005500055245004400110260003800154310001500192230511b |||||||| |||| 00| 0 eng d a0972-060X aNational Science LibrarycNational Science Library aJournal of essential oil-bearing plants aDehra Dun: bH.K.L Bhalla, c1998 aBi-monthly